Music in India : (Record no. 29815)

000 -LEADER
fixed length control field 00381nam a22001571a 4500
020 ## - INTERNATIONAL STANDARD BOOK NUMBER
ISBN 9788185054254
082 ## - DEWEY DECIMAL CLASSIFICATION NUMBER
Classification number 780.954
Item number BON/M
100 ## - MAIN ENTRY--AUTHOR NAME
Personal name Bonnie C Wade
245 ## - TITLE STATEMENT
Title Music in India :
Sub Title the classical traditions/
Statement of responsibility, etc by Bonnie C Wade
260 ## - PUBLICATION, DISTRIBUTION, ETC. (IMPRINT)
Place of publication New Delhi:
Name of publisher Manohar,
Year of publication 1997.
300 ## - PHYSICAL DESCRIPTION
Number of Pages 262p.
650 ## - SUBJECT ADDED ENTRY--TOPICAL TERM
Topical Term Music India
650 ## - SUBJECT ADDED ENTRY--TOPICAL TERM
Topical Term Music
650 ## - SUBJECT ADDED ENTRY--TOPICAL TERM
Topical Term Arts
942 ## - ADDED ENTRY ELEMENTS (KOHA)
Koha item type Book
Holdings
Withdrawn status Lost status Damaged status Not for loan Permanent Location Current Location Date acquired Cost, normal purchase price Full call number Accession Number Cost, replacement price Price effective from Koha item type Shelving location
        Sree Sankaracharya University of Sanskrit Sree Sankaracharya University of Sanskrit 08.01.2015 350.00 780.095 4 BON/M 010349 0.00 08.01.2015 Book  
        Sree Sankaracharya University of Sanskrit Sree Sankaracharya University of Sanskrit 08.01.2015 350.00 780.095 4 BON/M 021629 0.00 08.01.2015 Book  
        Sree Sankaracharya University of Sanskrit Sree Sankaracharya University of Sanskrit 12.10.2018 350.00 780.954 BON/M 092179   12.10.2018 Book Stacks